Minecraft Flowers - Sudden Death - Statistics

General Stats
  • This quiz has been taken 227 times
    63 since last reset
  • The average score is 7 of 15
Answers on the Grid
Answers color-coded by a green-red scale on the quiz's grid according to % correct below.
Allium
Blue Orchid
Wither Rose
Sunflower
Poppy
White Tulip
Red Tulip
Cornflower
Torchflower
Dandelion
Peony
Golden Dandelion
Pitcher Plant
Rose Bush
Pink Tulip
Blue Tulip
Green Tulip
Lily
Venus Fly Trap
Lavender
Daffodil
Blue Iris
Geranium
Buttercup
Primrose
Toad Lily
Tall Blossom
Cherry Spore
Fireflower
Ender Lily
 
Answer Stats
Answer % Correct
Rose Bush
63%
Dandelion
59%
Sunflower
59%
Poppy
56%
Allium
50%
Cornflower
50%
Peony
50%
Pink Tulip
50%
Red Tulip
50%
White Tulip
50%
Torchflower
47%
Wither Rose
44%
Blue Orchid
41%
Golden Dandelion
34%
Pitcher Plant
28%
No matching quizzes found
Score Distribution
Percent of People with Each Score
Percentile by Number Answered
Your Score History
You have not taken this quiz since the last reset